10 meilleurs joueurs de foot de l'histoire - Statistiques

Statistiques générales
  • Ce quiz a été pris 8 742 fois
  • Le résultat moyen est 7 sur 10
Statistiques - réponses
Carrière Joueur % Correct
2001-20.. Messi
98%
1990-2011 Ronaldo
98%
2001-20.. Ronaldo
98%
1956-1977 Pelé
95%
1976-1997 Maradona
89%
1982-2006 Zidane
88%
1957-1984 Cruyff
62%
1972-1987 Platini
59%
1945-1966 Di Stefano
32%
1964-1983 Beckenbauer
27%
Aucun quiz correspondant
Distribution des résultats
% des personnes avec chaque résultat
Percentile par nombre de réponses
Votre historique - résultats
Vous n’avez pas pris ce quiz